01130nam a2200253Ia 4500003000900000008004100009020001800050040001600068080002400084111009000108245024000198260004800438300001300486490005900499650002800558650002900586650001500615700002900630700003000659700003100689942000700720999001700727952013200744IN-BaIIA211028s9999 xx 000 0 eng d a0-521-79141-3 cIIA Library a524.352:52-726bSUP aSpace Telescope Science Institute SymposiumcBaltimore, Marylandd1999 May 3-6925019 0aSupernovae and gamma-ray burstsbthe greatest explosions sine the big bang; proceedings of the space telescope science institute symposium held in Baltimore, Maryland, May 3-6, 1999cedited by Mario Livio, Nino Panagia and Kaliash Sahu aCambridgebCambridge University Pressc2001 ax, 376p. aSpace telescope science institute symposium series; 13 aGamma ray bursts910403 aSupernova remnants96675 aSupernovae aLivio, Mario, ed.913149 aPanagia, Nino, ed.921396 aSahu, Kailash., ed.925020 cBK c14193d14193 00104070aBANbBANcGENd2001-08-06g3817.00l0o524.352:52-726/ SUPp15113r2021-11-05v3817.00w2001-08-06yBKGRs. 3817.00